| 000 | 00422 a2200145 4500 | ||
|---|---|---|---|
| 001 | 32147 | ||
| 082 | _a621.4021 CEN | ||
| 090 |
_c21592 _d21592 |
||
| 100 | _aCengel, Yunus A ; Michael A Boles | ||
| 245 | _aThermodynamics: An Engineering Approach,4th ed in SI units | ||
| 250 | _a4 | ||
| 260 |
_aN.Y _bMcGraw-Hill _c2002 |
||
| 300 |
_axxx, 890 p. _bPb ; origional edition _ewith CD |
||
| 500 | _aBE textbook Aerospace | ||
| 942 |
_aNUST-CAE _k621.4021 CEN |
||
| 999 |
_c267220 _d267220 |
||